| 000 | 00425nam a2200145Ia 4500 | ||
|---|---|---|---|
| 008 | 231129s2007||||xx |||||||||||||| ||spa|| | ||
| 020 | _a978-958-8129-79-2 | ||
| 040 | _bspa | ||
| 082 | _aCo860.4 Z94p | ||
| 100 | _aZuluaga Osorio Conrado | ||
| 245 | 0 | _aPuerta abierta a García Márquez: Aproximación a la obra del Nobel | |
| 260 | _c2007 | ||
| 264 | _aCarrera 7a. | ||
| 942 |
_2ddc _cBKS |
||
| 999 |
_c23553 _d23553 |
||